Loading...
| Literature - World | 0 | 6 | 0 | 1 | 60 | 86 | 108.67 | 0 | 4 | 0.00 | 0.00 |
| Literature - American | 0 | 5 | 1 | 2 | 45 | 24 | 94.80 | 1 | 4 | 0.00 | 0.00 |
| Fine Arts - Classical Music | 0 | 4 | 0 | 0 | 40 | 39 | 90.50 | 1 | 2 | 0.00 | 0.00 |
| Fine Arts - Other | 0 | 4 | 0 | 0 | 40 | 31 | 59.50 | 2 | 4 | 0.00 | 0.00 |
| Other | 0 | 4 | 0 | 0 | 40 | 73 | 85.75 | 1 | 4 | 0.00 | 0.00 |
| Literature - British | 0 | 4 | 1 | 1 | 35 | 16 | 101.25 | 1 | 2 | 0.00 | 0.00 |
| Fine Arts - Painting & Sculpture | 0 | 4 | 1 | 1 | 35 | 92 | 117.50 | 0 | 2 | 0.00 | 0.00 |
| History - American | 0 | 4 | 1 | 1 | 35 | 98 | 110.25 | 0 | 2 | 0.00 | 0.00 |
| Literature - European | 0 | 4 | 1 | 0 | 35 | 53 | 98.25 | 2 | 3 | 0.00 | 0.00 |
| History - World | 0 | 3 | 1 | 3 | 25 | 122 | 128.67 | 0 | 1 | 0.00 | 0.00 |
| Social Science | 0 | 2 | 0 | 0 | 20 | 82 | 86.50 | 2 | 2 | 0.00 | 0.00 |
| History - European | 0 | 2 | 1 | 1 | 15 | 131 | 134.00 | 0 | 1 | 0.00 | 0.00 |
| Philosophy | 0 | 2 | 1 | 0 | 15 | 98 | 119.50 | 0 | 0 | 0.00 | 0.00 |
| History - Other | 0 | 2 | 1 | 0 | 15 | 102 | 110.00 | 0 | 2 | 0.00 | 0.00 |
| Science - Other | 0 | 1 | 0 | 0 | 10 | 81 | 81.00 | 0 | 0 | 0.00 | 0.00 |
| Mythology | 0 | 0 | 1 | 0 | -5 | 0.00 | 0 | 0 | 0.00 | 0.00 | |
| Religion | 0 | 0 | 1 | 0 | -5 | 0.00 | 0 | 0 | 0.00 | 0.00 |